| 000 | 00939cab a2200205 4500 | ||
|---|---|---|---|
| 001 | ABS38203 | ||
| 008 | 090401t1987 xxu||||| |||| 00| 0 eng d | ||
| 035 | _a(Sirsi) u9183 | ||
| 041 | _aeng | ||
| 100 | _aDavies, P.W. | ||
| 245 | _aSolicitors as salesmen | ||
| 260 | _c1987 | ||
| 350 | _a0 | ||
| 490 |
_aLaw Magazine _vNo9 4 September 1987, 28-29(2) |
||
| 520 | _aSince the Law Society in 1984 relaxed its rules on solicitors ` selling property, well over 100 firms have begun to offer a one stop estate agency and conveyancing practice. This article looks at how the first of these, Langleys in Lincolnshire has fared over three years, and at a time when the Law Society are considering multidisciplinary partnerships . Also reports on the opinions of some solicitors who question this new role. | ||
| 650 | _aPROPERTY SHOPS | ||
| 690 | _aMANAGEMENT-BUSINESS MANAGEMENT-PROFESSIONAL PRACTICE | ||
| 942 | _n0 | ||
| 948 | _c04/03/1997 | ||
| 999 |
_c5698 _d5698 |
||